| 000 | 005210000a22001570004500 | ||
|---|---|---|---|
| 003 | MACL | ||
| 005 | 20180227163225.0 | ||
| 008 | 180227b xxu||||| |||| 00| 0 eng d | ||
| 040 | _cmacl | ||
| 100 |
_a आबिदी, मिश्कात _970856 |
||
| 245 | _aसौंदर्यशास्त्रीय आलोचना के नये आयाम | ||
| 260 |
_b मंगल प्रकाशन _c2004 |
||
| 350 | _a450 | ||
| 650 |
_a लिटरेचर, _970857 |
||
| 942 |
_cHIN _k800/AAB/L _2ddc |
||
| 999 |
_c12772 _d12772 |
||